| 000 | 00463nam a2200145Ia 4500 | ||
|---|---|---|---|
| 008 | 151015s9999 xx 000 0 und d | ||
| 020 | _a70393605 | ||
| 050 | _aTA190 .O24 2000 | ||
| 245 | _aOberlender,Garold D | ||
| 250 | _a_Project management for engineering and construction.-2nd ed. Garold D.Oberlender | ||
| 300 | _aBoston McGraw-Hill 2000 | ||
| 500 | _aIncludes index. | ||
| 650 | _a_Engineering and Construction | ||
| 700 | _a^d20130527 12:48:54^oanne | ||
| 999 |
_c4840 _d4840 |
||